[Event "FIDE World Cup"]
[Site "Khanty-Mansiysk"]
[Date "2005.12.04"]
[Round "3.2"]
[White "Dreev, Alexey"]
[Black "Harikrishna, Pentala"]
[Result "1/2-1/2"]
[WhiteElo "2694"]
[BlackElo "2673"]
[Annotator "Lutz,C"]
[PlyCount "123"]
[EventDate "2005.11.27"]
[EventType "k.o."]
[EventRounds "7"]
[EventCountry "RUS"]
[SourceTitle "CBM 111"]
[Source "ChessBase"]
[SourceDate "2006.04.04"]
[SourceVersion "1"]
[SourceVersionDate "2006.04.04"]
[SourceQuality "1"]

1. d4 d5 2. c4 c6 3. Nc3 Nf6 4. e3 e6 5. Nf3 Nbd7 6. Bd3 dxc4 7. Bxc4 b5 8. Bd3
Bb7 9. e4 b4 10. Na4 c5 11. e5 Nd5 12. O-O cxd4 13. Re1 g6 (13... Be7 $5 {
1/2-1/2 Kasimdzhanov,R-Khenkin,I/Moscow 2001/CBM 86/[Lutz] (23) ist eine
Möglichkeit, den nun folgenden scharfen Varianten auszuweichen.}) 14. Bg5 Qa5
15. Nd2 (15. Nxd4) 15... Ba6 16. Nc4 Bxc4 17. Bxc4 Bg7 18. Qxd4 {Dieses
Figurenopfer ist schon seit einiger Zeit bekannt. Nach der gängigen Theorie
hatte Schwarz bislang nichts zu befürchten. Dreev wartet jedoch mit einer
neuen Idee auf.} Qxa4 (18... O-O 19. Bb3 Rac8 20. f4 $14 {1/2-1/2 Kozul,
Z-Borovikov,V/Bled 2000/CBM 75 ext (62)}) (18... h6 19. Bxd5 Qxd5 20. Qxd5 exd5
21. Be3 $14 {Hansen,LB}) 19. Bxd5 exd5 20. Qxd5 {Für die Figur hat Weiß
momentan nur einen Bauern, aber der schwarze König ist in der Mitte
steckengeblieben.} Nb6 (20... O-O $2 21. b3 $16) 21. Qd6 Qd7 22. Qxb4 (22. Rad1
$2 Qxd6 23. exd6+ Kd7 $8 24. Re7+ Kc6 {Hansen,LB}) 22... Bf8 (22... Nd5 $6 23.
Qe4 h6 24. Bf6 O-O 25. Rad1 Bxf6 26. Rxd5 Qb7 27. exf6 Qxb2 28. Qf4 $16 {
1/2-1/2 Rashkovsky,N-Sveshnikov,E/Sochi 1979/EXT 99 (32)}) 23. Qh4 $5 $146 {
Das ist die neue Idee. Bislang wurde nur 23.Qc3 gespielt, was zu einem
ausgeglichenem Endspiel führt. Mit dem Textzug baut Weiß darauf, dass er den
steckengebliebenen schwarzen König ausnutzen kann.} (23. Qc3 {Wegen der
Gegenüberstellung Qc3-Rh8 muss Schwarz genau spielen.} Qc8 (23... Qe6 $2 24.
Bf6 Rg8 25. Rad1 Be7 26. Rd6 $1 Qc8 27. Rc6 Qd8 28. Rc7 $5 Nd5 29. Qc6+ Kf8 30.
Rd7 Qe8 31. Qxd5 Bxf6 32. Rxf7+ $1 {1-0 Jussupow,A-Dominguez,L/Yerevan 2001/
CBM 86/[Lutz] (32)}) (23... Rc8 $2 24. e6 $18 {Chekhov,V}) 24. Qf3 Bg7 25. e6 (
25. Qa3 Bf8 26. Qf3 Bg7 $11 {ECO}) 25... O-O $8 26. Be7 fxe6 $1 27. Bxf8 Qxf8
28. Qb3 Qf7 29. Rxe6 Bxb2 $1 30. Rd1 Bg7 (30... Rb8 $5 31. Re7 Qxb3 32. axb3 a5
33. Ra7 Bc3 $11 {Hansen,L-Ribli,Z/Polanica Zdroj 1993/CBM 37/[Hansen,LB]}) 31.
h3 (31. Rd3 Rc8) 31... Rb8 32. Re7 {1/2-1/2 Dreev,A-Akopian,V/Rethymnon 2003/
CBM 098/[Lutz] (32)} (32. Re7 Qxb3 33. axb3 a5 $11 {mit einem ausgeglichenem
Endspiel.})) 23... Bg7 (23... Be7 24. Bf6 $5) 24. Rad1 Qa4 25. Rd4 Qxa2 26. Be7
Qe6 27. Bb4 Bf8 (27... a5 28. Ba3 {, und nach Rd6 ist der Nb6 ungedeckt.}) 28.
Qf6 Rg8 29. Rd6 $1 Qf5 30. Rxb6 $16 {Weiß gewinnt die Figur zurück und behält
einen Mehrbauern. Da seine Figuren aber etwas ungeschickt platziert sind,
gestaltet sich dessen Verwertung schwierig.} Qxf6 31. exf6+ Kd7 32. Ra1 $1 {
Nur so kann Weiß seine hängenden Figuren verteidigen.} (32. Rb5 $2 Kc6 33. Ree5
a6) (32. Rb7+ $2 Kc6) 32... Kc7 33. Rb5 (33. Raa6 Re8 34. Rc6+ Kb7 35. Bc3 Bc5
{mit der Idee ...Bb6.}) 33... Kc6 34. Raa5 Rd8 35. Be1 $1 (35. Kf1 a6 36. Be7
Bxe7 37. fxe7 axb5 38. exd8=Q Rxd8 $11) 35... Rd1 36. Kf1 Bd6 37. Ke2 Rc1 38.
Bc3 {Weiß hat nun die Lage konsolidiert. Der Mehrbauer ist verteidigt, aber
wie geht es weiter ?} Re8+ 39. Kf3 Rc2 40. Rg5 Kb7 41. Rgb5+ Kc6 42. g3 Re6 43.
h4 h5 $1 {Schwarz verteidigt sich präzise.} 44. Rg5 Kb7 45. Rgd5 Kc6 46. Rdb5
a6 47. Rg5 Kb7 48. Ra4 $6 Bc7 $14 {Wegen der Idee ...Bd8 gewinnt Schwarz den
Pf6 zurück, und das Geschehen nivelliert sich. Es bleibt aber die Frage, wie
Weiß besser hätte spielen können.} 49. Rb4+ Bb6 50. Bd4 Kc7 51. Rxb6 Rxb6 52.
Bxb6+ Kxb6 53. Re5 Rc6 54. Ke3 Rxf6 55. f3 Kc7 56. Re7+ Kd6 57. Ra7 Ke5 58. Rb7
Rd6 59. Rxf7 Rb6 60. Re7+ Kf5 61. Rf7+ Ke5 62. Re7+ 1/2-1/2

[Event "Sarajevo Bosnia 34th"]
[Site "Sarajevo"]
[Date "2004.05.19"]
[Round "2"]
[White "Kozul, Zdenko"]
[Black "Shirov, Alexei"]
[Result "0-1"]
[WhiteElo "2627"]
[BlackElo "2713"]
[Annotator "Lutz,C"]
[PlyCount "162"]
[EventDate "2004.05.18"]
[EventType "tourn"]
[EventRounds "9"]
[EventCountry "BIH"]
[EventCategory "15"]
[SourceTitle "CBM 101"]
[Source "ChessBase"]
[SourceDate "2004.07.27"]
[SourceVersion "1"]
[SourceVersionDate "2004.07.27"]
[SourceQuality "1"]

1. Nf3 d5 2. c4 c6 3. e3 Nf6 4. Nc3 e6 5. d4 Nbd7 6. Bd3 dxc4 7. Bxc4 b5 8. Bd3
Bb7 9. a3 {Mit diesem Zug strebt Weiß eine ruhige Stellung an, jedoch kann er
bestenfalls nur auf einen mikroskopischen Vorteil hoffen.} b4 10. axb4 {
Nach den Resultaten zu urteilen ist dieser Zug noch etwas harmloser als 10.Ne4.
} ({Die Hauptalternative ist} 10. Ne4 Nxe4 11. Bxe4 bxa3 12. bxa3 (12. O-O $5 {
wurde zuletzt probiert, um anschließend b2-b3 nebst Bxa3 zu spielen.}) 12...
Bd6 $11 {mit Ausgleich}) 10... Bxb4 11. O-O c5 12. Qe2 (12. Na2 $5 a5 13. Nxb4
axb4 14. Rxa8 Qxa8 15. dxc5 O-O 16. Be2 (16. Bd2 Nxc5 17. Bxb4 Nxd3 18. Bxf8
Bxf3 19. gxf3 Ne5 20. Kg2 Qxf8 $15 {0-1 Karpeshov,O-Galkin,A/St.Petersburg
1997/CBM 61 ext (40)}) 16... Nxc5 17. Qd4 Nb3 $5 (17... Ba6 18. Bxa6 Nxa6 19.
Bd2 Rd8 20. Qc4 Ne4 21. Bxb4 Rc8 22. Qd4 Rd8 23. Qc4 Rc8 24. Qd4 {1/2-1/2
Savchenko,S-Shirov,A/Tbilisi 1989/CBM 12 (24)}) 18. Qxb4 Bd5 19. e4 Nxc1 20.
Rxc1 Bxe4 $11 {0-1 Pinter,J-Gurevich,M/Gonfreville 1999/CBM 70/[Gurevich,M] 
(62)}) 12... O-O 13. Rd1 a5 $146 {Shirov weicht als erster von einer Partie ab,
die seinem Gegner Kozul einen Sieg beschert hatte. Mit dem Texzug wird
verhindert, dass Weiß mit La6 die Läufer abtauscht und den schwarzen a-Bauern
auf a7 festlegt..} (13... Qe7 14. Ba6 Nb6 15. Na2 Bxa6 16. Qxa6 cxd4 17. Nxb4
Qxb4 18. Rxd4 Qb3 19. Bd2 Rac8 20. Bb4 Rfd8 21. Bc3 $13 Nfd5 22. Qd3 Nd7 23. e4
Nxc3 24. bxc3 Rxc3 25. Qd1 Qb7 $4 (25... Qxd1+ 26. Raxd1 f6) 26. Ne5 Rc7 27.
Rb1 {1-0 Kozul,Z-Miroshnichenko,E/Bled 2000/CBM 75 ext (27)}) 14. Ne5 Qc7 15.
Nxd7 Nxd7 $11 {Offensichtlich hat Schwarz keinerlei Probleme mehr.} 16. Qh5 $6
{Kozul wird überoptimistisch. Zwar wird so der Pe6 rückständig, aber Schwarz
kann sich schnell entwickeln.} f5 17. Qe2 cxd4 18. exd4 Rae8 19. Bb5 Re7 20.
Qc4 Qxc4 21. Bxc4 Rc8 22. Bb5 Nf6 23. Na2 Bd6 24. Bd3 Be4 25. Bf1 {Ich muss
ehrlich sagen, dass ich nicht verstehe, was in den nächsten Zügen vor sich
geht.} Ng4 26. Be2 (26. g3 Rc2 $5) 26... Bxh2+ 27. Kf1 Bc2 28. Re1 Bb8 (28...
Bd6 $5 29. Nc3 Bb4 $17) 29. Nc3 Ba7 30. Nb5 Bb6 31. Bg5 Rd7 32. Rec1 h6 33. Bd2
Rdd8 34. Bxa5 Bxa5 35. Rxa5 Bb3 36. Rc3 Nf6 37. f3 Bd5 38. Nc7 Rb8 39. Rb5 f4
40. Ke1 Kf7 41. Bd3 g5 42. Rcc5 Ke7 43. b4 Rxb5 44. Bxb5 Bb7 45. Bc4 $2 {
Es ist mir nicht klar, was Kozul hier übersehen hat.} (45. Bc6 $5 Bxc6 46. Rxc6
$11) 45... Rxd4 46. Nxe6 Rxc4 47. Rxc4 Kxe6 $17 48. Rc7 Bd5 49. Rg7 g4 50. b5
gxf3 51. gxf3 Bxf3 52. b6 Nd7 53. Rh7 Be4 54. Rxh6+ Ke5 55. Kd2 Bd5 56. Ke2 Ke4
57. Rd6 Nc5 58. Rd8 f3+ 59. Kf1 Bb7 60. Kf2 Nd3+ 61. Kg3 f2 $1 {Hat Shirov
hier schon den Gewinn im Endspiel Dame+Springer gegen Dame vorausgesehen?} 62.
Re8+ (62. Rf8 Ke3) 62... Kd4 63. Rd8+ Bd5 64. Rxd5+ Kxd5 65. b7 f1=Q 66. b8=Q {
Normalerweise wäre diese Materialkonstellation ein Remis, aber Schwarz kann
hier durch eine forcierte Folge den weißen König mattsetzen bzw. die Dame
gewinnen.} Qf2+ 67. Kh3 Nf4+ 68. Kg4 Qg2+ 69. Kf5 Qh3+ 70. Kf6 Qh4+ 71. Kf5
Qh5+ 72. Kf6 Qg6+ 73. Ke7 Qg7+ 74. Kd8 Ne6+ 75. Kc8 Qc3+ 76. Kb7 Qc6+ 77. Ka7
Qa4+ 78. Kb6 Qb4+ 79. Ka7 Qa5+ 80. Kb7 Nc5+ 81. Kc8 Qa6+ 0-1

[Event "Shenzhen FIDE GP (Women)"]
[Site "Shenzhen"]
[Date "2011.09.10"]
[Round "4"]
[White "Danielian, Elina"]
[Black "Ruan, Lufei"]
[Result "0-1"]
[WhiteElo "2517"]
[BlackElo "2477"]
[Annotator "Mikhalchishin,A"]
[PlyCount "102"]
[EventDate "2011.09.07"]
[EventType "tourn"]
[EventRounds "11"]
[EventCountry "CHN"]
[EventCategory "10"]
[SourceTitle "CBM 145"]
[Source "ChessBase"]
[SourceDate "2011.11.11"]
[SourceVersion "1"]
[SourceVersionDate "2011.11.11"]
[SourceQuality "1"]
[TimeControl "5400"]
[WhiteClock "0:00:08"]
[BlackClock "0:00:17"]

1. d4 d5 2. c4 c6 3. Nc3 Nf6 4. e3 e6 5. Nf3 Nbd7 6. Qc2 Bd6 7. Bd3 dxc4 8.
Bxc4 b5 9. Bd3 Bb7 10. O-O O-O 11. a3 a6 12. b4 {With this move White starts
the plan to stop the thematic ...c7-c5, but Black starts a fierce attack on
this blocking pawn.} a5 13. Rb1 axb4 14. axb4 Qe7 15. e4 e5 16. Ne2 (16. dxe5 {
almost disappeared from practice after the blindfold game Gelfand-Anand, Nice
2008 which went as follows:} Nxe5 17. Nxe5 Bxe5 18. Ne2 Qe6 (18... Rfd8 19. Ng3
$146 (19. f4 Bc7 20. e5 Bb6+ 21. Kh1 Ng4 22. Bxh7+ Kh8 23. h3 Qh4 24. Bf5 Nf2+
25. Kh2 g6 26. Be4 Ng4+ $11) 19... g6 (19... Qe6 20. Rb3 Ng4 $5) 20. Bg5 h6 $5
(20... Qe6 21. Rb3 $14) 21. Bxh6 Ng4 {Black has real compensation for the pawn,
1-0 Pogorelov,R (2462)-Dziuba,M (2535)/Calvia 2006}) (18... Bc7 $5 19. Ng3 Rfe8
(19... g6) 20. f4 Ng4 (20... g6 $142 $15) 21. Nf5 Qe6 22. Bb2 Ra2 23. h3 Nf6
24. Rf3 Bb6+ (24... Nh5 $1) 25. Kh2 g6 26. Nh6+ Kf8 27. Qc3 Rxb2 28. Qxb2 Rd8
29. Qe2 Kg7 30. e5 Kxh6 31. f5 Qd5 32. exf6 Qd6+ 33. g3 c5 34. Qe3+ g5 35. h4 {
with some unpleasant threats,1/2 Pogorelov,R (2421)-Korneev,O (2587),Barcelona
2004}) 19. f4 Ra2 20. Qd1 Ba1 $3 $146 (20... Bc7 21. Nc3 $14) 21. e5 $2 c5 $1
22. exf6 (22. Rxa1 Rxa1 23. exf6 Qd5 $1 24. Rf3 c4 $17) 22... Bd4+ 23. Rf2 $8 (
23. Kh1 Qh3 $1 24. Rg1 Bxg1 25. Qxg1 Qxd3 $19) 23... Bxf2+ (23... Qg4 24. Qf1
Bxf2+ 25. Qxf2 c4 26. h3 Qh5 27. Qg3 g6 $17) 24. Kxf2 Qd5 {and Black has a
clear advantage, 0-1 Gelfand,B (2737)-Anand,V (2799)/Nice (blindfold) 2008}) ({
Dubious is new try} 16. Bg5 Rfe8 17. Ne2 h6 18. Bh4 Ra3 19. Ng3 g6 20. Ne2 Rea8
21. dxe5 Bxe5 22. Nxe5 Nxe5 23. Nc3 g5 24. Bg3 Nxd3 25. Qxd3 c5 26. bxc5 Bxe4
27. Qe3 Qe6 28. Rxb5 Qc4 {0-1 Dzagnidze,N (2535)-Sebag,M (2519)/Nanjing 2009.
White here came under an unpleasant pin.}) 16... Bxb4 {The principal capture,
as other timid moves can't be recommended:} (16... Rfe8 17. Bd2 (17. Ng3 exd4 (
17... g6 {is still correct}) 18. Nxd4 Bxb4 19. Ndf5 Qc5 20. Qe2 Ne5 21. Bg5
Ned7 22. Be3 Qf8 23. Nxg7 Qxg7 24. Rxb4 Ne5 25. Bb1 Rad8 26. Nf5 Qf8 27. Rb3
Ng6 28. Qb2 Ng4 29. Bc5 Ne7 30. Nxe7+ Rxe7 31. Rg3 {1-0 Dubov,D (2489)
-Beinoras,M (2356)/Aix-les-Bains FRA 2011/The Week in Chess 856})) (16... Ra4
17. dxe5 (17. Bd2 Rfa8) 17... Bxe5 (17... Nxe5 18. Nxe5 Bxe5 19. f4 Bc7 20. e5
Bb6+ 21. Kh1 Ng4 22. Bxh7+ Kh8 23. Bf5) 18. Ned4 $5) ({But another try was
interesting:} 16... g6) 17. Ng3 ({Capture is not better} 17. dxe5 Ng4 18. Bg5
Qc5 19. e6 (19. Qb3 Ndxe5 20. Nxe5 Nxe5 $17) 19... fxe6 20. Qb3 Nde5 ({a)} 
20... Rxf3 21. gxf3 Nxf2 22. Qxe6+ Kh8 23. Qxd7 (23. Rxf2 Qxg5+ 24. Rg2 Bc5+
25. Kh1 Qe7 26. Qxe7 Bxe7 $44) 23... Nxd3+ 24. Kh1 Nf2+ 25. Kg2 Qxg5+ 26. Ng3
Nd3 (26... Rd8 27. Qxb7 Nd3 28. Rfd1) 27. Qxd3 (27. Qxb7 $2 Ra2+ 28. Kh1 Rxh2+)
27... Rd8 $44) 21. Nxe5 Nxe5 (21... Qxe5 22. Bf4 Rxf4 23. Nxf4 Bd6 24. Be2 $1)
22. Bxb5 (22. Be3 Qe7 23. Bxb5 Bd6 24. Bd3 Bc8 25. Qc2 Ra3 26. Rb3 Ng4 $17))
17... exd4 {'!?' Svidler,P.} ({A very serious option which is frequently tried
is} 17... g6 18. dxe5 $146 (18. Bg5 Bd6 19. Nh4 (19. Kh1 exd4 20. e5 Bxe5 21.
Ne4 c5 22. Nxe5 Qxe5 23. Nxf6+ Nxf6 24. Bxf6 Qxf6 25. Qxc5 Rfc8 26. Qb4 Bc6 27.
f3 Rab8 28. Rfd1 Bd5 29. Kg1 Bc4 {is close to winning for Black, 0-1 Sjugirov,
S (2626)-Jakovenko,D (2718)/Moscow 2011}) 19... exd4 20. f4 (20. Ngf5 gxf5 21.
Nxf5 Qe6) 20... Qe6 ({a)} 20... h6 21. Bxh6 Ng4 22. Nhf5 (22. Bg5 Qe8 $17)
22... gxf5 23. Nxf5 Qe6 24. Bxf8 Kxf8 25. Qe2 Nh6 26. Nxd6 Qxd6 27. e5 $44) 21.
e5 Ra2 22. Qb3 (22. Qd1 Nxe5 23. fxe5 Bxe5) 22... Qxb3 23. Rxb3 Ng4 24. exd6 f6
$17) 18... Ng4 19. Bg5 (19. e6 fxe6 20. Bg5 Qd6 21. Be2 Rf7 22. e5 Ngxe5 23.
Ne4 Nxf3+ 24. Bxf3 Qf8 25. Bg4 Re8 {play is very unclear,1-0 Shabalov,A (2578)
-Mulyar,M (2405)/Toronto 2010}) 19... Qc5 20. e6 (20. Bf4 Rfe8) 20... Nde5 $1
21. Nxe5 Nxe5 22. Bf6 $5 (22. Be3 Qxc2 23. Bxc2 c5 24. Bxc5 Bxc5 25. Rxb5 Ba6
26. Rxc5 Bxf1 27. Nxf1 Rfc8 $11) 22... Qxc2 $2 (22... Nxd3 23. Qxd3 fxe6 24. e5
Qc3 $1 25. Qxc3 $5 (25. Qd7 Rf7 $1 26. Qxe6 Bc8 27. Qb3 Qxb3 28. Rxb3 Bf8 29.
Ne4 Be6 $15) (25. Qe4 Ba3 26. Qg4 Rfe8 27. Rbd1 Bf8 28. Rd7 Bc8 29. Rxh7 Kxh7
30. Qh4+ Bh6 31. Ne4 {1-0 L'Ami,E (2623)-Brunner,N (2478)/Aix-les-Bains FRA
2011}) 25... Bxc3 26. Rfd1 b4 (26... Bc8 27. Ne4 Ba5 28. Ra1 $44) 27. Ne4 Ba6
28. Nxc3 bxc3 29. Rbc1 Bc4 30. Rxc3 Bd5 $11) 23. Bxc2 Bd6 {White keeps the
initiative,1-0 Svidler,P (2746)-Karjakin,S (2732)/Baku 2008}) ({He had to try
the more thoroughly risky} 17... Ba3 18. Nf5 Qe8 19. Bg5 Nh5 20. Qc3 exd4 21.
N3xd4 Qe5 22. Qd2 Bc5 23. Be2 Ndf6 24. Bxf6 Nxf6 25. Qg5 Nd7 26. Nb3 (26. Nxb5
$5 cxb5 (26... Bc8 $1 $13) 27. Rxb5 Bxe4 28. Rxc5) 26... Ba3 27. Rfd1 Qf6 28.
Qg3 Ne5 29. f4 Ng6 30. Bg4 Ne7 31. Nxe7+ Bxe7 32. e5 Qh4 33. Qxh4 Bxh4 34. Nc5
Bc8 {White is fighting for a draw.}) 18. e5 Nxe5 19. Nxe5 c5 {'<=>' evaluated
by Svidler,P. But my impression is that it is very dangerous to play for a win
with White. It is safer to sacrifice the piece back for these dangerous pawns.
The black pawns completely control the centre and threaten to go forward,
limiting the activity of White's pieces.} 20. Bf4 (20. f4 c4 21. Bxc4 bxc4 22.
Qxc4 Nd5 23. Nf5 Qf6 24. Rxb4 Nxb4 25. Qxb4 Qxf5 26. Qxb7 Qc2 27. Qf3 Ra1 28.
Nd3 Re8 29. f5 f6 30. Qg3 Qe2 {with good chances for Black.}) (20. Qe2 Rfe8 21.
Ng4 Ne4 22. Qf3 Ra6 23. Nf5 Qd7 24. Bh6 gxh6 25. Nf6+ Rxf6 26. Qg4+ Ng5 27.
Nxh6+ Rxh6 28. Qxd7 Bc6 29. Qg4 Kh8 30. Rxb4 Rg8 31. Rbb1 Ne6 32. Qxg8+ Kxg8
33. Bxb5 Nf4 {and even here the white side is fighting for a draw. Kasimdzanov
R,-Negi,P,Asian Ind. 2011}) 20... c4 21. Bf5 $6 ({It was not in Danielian's
style to try to go for a draw here} 21. Nxc4 bxc4 22. Qxc4 Bc3 (22... Ba6 23.
Qxb4 Qxb4 24. Rxb4 Bxd3 25. Rc1 {with a draw}) 23. Nf5 Qd7 24. Qc5 {with
serious activity for the pawn.}) ({But a much better try was the activation of
the knight:} 21. Nf5 Qc5 22. Qb2 Nh5 23. Qxb4 Qxb4 24. Rxb4 Nxf4 25. Bxc4 bxc4
26. Rxb7 Ne2+ 27. Kh1 c3 28. g3 c2 29. Rc7 c1=Q 30. Rcxc1 Nxc1 31. Rxc1 {
Black must hold, but it will be White, who will make some attempts at winning.}
) 21... d3 ({The immediate} 21... g6 {was very strong}) 22. Qd1 $6 ({Once more
it was possible to return the piece and to head for a draw:} 22. Nxd3 cxd3 23.
Qxd3 Rfd8 24. Qxb5 Nd5 25. Bg5) 22... Nd5 ({The activation of the rook was
very logical:} 22... Rfd8) 23. Qg4 ({Now it was too late to think about
returning the piece and destroying the opponent's pawn chain:} 23. Nxd3 cxd3
24. Bd2 Rfd8 25. Re1 Qf8 26. Bxd3 Ra2) 23... Nxf4 24. Qxf4 g6 ({This tempting
pin would allow White to sacrifice the exchange for drawing chances} 24... Bd6
25. Rxb5 Rfe8 26. Qxc4 Bxe5 27. Qxd3 Ba6 28. Bxh7+ Kf8 29. Be4) 25. Nd7 ({
Some chances for a draw would still be retained after} 25. Nxc4 bxc4 26. Qxc4
Ba6 27. Qxb4 Qxb4 28. Rxb4 gxf5 29. f3 Rfe8 30. Rd1) 25... Rfd8 26. Qd4 $2 ({
Now it was necessary to act actively} 26. Rxb4 $1 Rxd7 27. Bxd7 Qxb4 ({or} 
27... Qxd7 28. Nh5 Qc6 29. Qg5) 28. Qc7 Ba6 29. Qe5 {threatening to attack the
king with Ng3-e4. This would force Black to repeat moves after ...Bb7.}) 26...
Ra6 $1 {With this move Black protects the most vulnerable square in the
position - f6.} 27. Rxb4 Qxb4 28. Nf6+ Rxf6 29. Qxd8+ Kg7 30. Qc7 ({A very
interesting situation would appear after the best chance} 30. Be4 Qd6 $1 31.
Qxd6 Rxd6 32. Bxb7 f5 $1 {cutting off the bishop} 33. f3 (33. Bf3 c3 34. Bd1 c2
35. Bxc2 dxc2 36. Ne2 b4 37. Nc1 Rd1 38. Nb3 Rb1)) 30... Bc6 31. Be4 Qd6 $1 {
This is the decisive move, which stops all white activity and prepares the
advancie of Black's powerful pawns.} 32. Qa5 Qe5 ({The active flank move} 32...
h5 {was not so bad}) 33. Bxc6 Rxc6 34. Re1 Ra6 35. Qb4 Ra1 {The simplest
solution is to exchange pieces, as at the end just one knight will not be able
to fight the pawn mass.} 36. Rxa1 Qxa1+ 37. Nf1 Qe5 38. Qd2 ({Or} 38. g4 c3 39.
f4 Qf6 40. g5 Qb6+ 41. Kg2 Qc6+ 42. Kf2 c2 43. Qd4+ Kf8 44. Qd8+ Qe8 45. Qd6+
Kg7 46. Qc5 Qe2+) 38... Qd4 ({The direct advance of the pawns with} 38... b4 {
would be simpler}) 39. Qb4 Qe5 40. Qd2 h5 41. f4 Qd4+ 42. Qf2 Qf6 ({A slightly
better place for the queen is on d6:} 42... Qd6) 43. Qd2 b4 $1 {Time to run!}
44. Qxb4 c3 45. Nd2 c2 46. Qa3 Qd4+ (46... Qxf4 {was possible}) 47. Kh1 Qe3 48.
Qc3+ Kh7 49. Nb3 Qe2 50. h4 d2 51. Kh2 ({Or} 51. Nxd2 Qd1+ 52. Kh2 c1=Q) 51...
d1=Q 0-1